|
|
|
|
| LEADER |
00000nab a22000001a 4500 |
| 001 |
vtls009408066 |
| 003 |
SK-MaSNL |
| 005 |
20260305020900.0 |
| 008 |
081119d1936 xo |r|p|||| |000 b|slo |
| 015 |
|
|
|a SNBRRBVU1918-1938
|
| 015 |
|
|
|a SNBRB1918-1938
|
| 038 |
|
|
|a SNKBUCL
|
| 038 |
|
|
|a SNKBUVU
|
| 040 |
|
|
|a SNKBUVU
|b slo
|c SNKBUCL
|e AACR2
|
| 041 |
0 |
|
|a slo
|
| 044 |
|
|
|a xo
|c SK
|
| 080 |
|
|
|a 75.071.1
|2 1997
|
| 080 |
|
|
|a 75.056
|2 1997
|
| 080 |
|
|
|a 821.162.4
|2 1997
|
| 100 |
1 |
|
|a Marták, Ján,
|d 1903-1982
|4 aut
|9 37645
|
| 245 |
1 |
0 |
|a Dominik Št. Zámostský: A zas je veselo
|b ilustroval Karol Ondreička
|c [autor] Ján Benko
|
| 500 |
|
|
|a Autor článku dešifrovaný podľa: Kormúth, Dezider: Slovník slovenských pseudonymov 1919 - 1944. Martin, Matica slovenská 1974
|
| 600 |
1 |
7 |
|a Ondreička, Karol,
|d 1898-1961
|2 MM
|9 101064
|
| 650 |
0 |
7 |
|a ilustrácie
|2 MM
|9 2743
|
| 650 |
0 |
7 |
|a slovenská literatúra
|2 MM
|9 1115
|
| 655 |
|
7 |
|a recenzie
|2 MM
|9 21907
|
| 773 |
0 |
|
|t Pedagogický sborník
|g Roč. 3, č. 5-6 (1936), s. 261-262
|
| 787 |
0 |
8 |
|i Rec.:
|a Štubňa-Zámostský, Dominik
|t A zas je veselo!
|d Martin : Matica slovenská , 1936
|
| 852 |
|
|
|a SNK
|b KIS3GCP
|
| 910 |
|
|
|a snkrbvumm
|
| 958 |
|
|
|a VY
|
| 999 |
|
|
|c 3282821
|d 3284751
|